00415nam a22001337a 4500003000500000038001800005082000800023100001600031245007700047264003500124650003200159700003200191856005800223NUST aNusrat Nadeem a200 aKhan, Maria aOn-The-Edge Detection of Tuberculosis using Deep Learning/cMaria Khan,  aIslamabad:bSEECS NUST.c2025. aMS- Electrical Engineering  aSupervisor: Dr. Usman Zabit u http://10.250.8.41:8080/xmlui/handle/123456789/54388